Εισαγωγή στην οικονομετρική ανάλυση
Saved in:
| Main Author: | |
|---|---|
| Other Authors: | |
| Format: | Book |
| Language: | Greek |
| Published: |
Αθήνα :
Εκδόσεις Ε.Μπένου,
2002-2007.
|
| Edition: | 2η εκδ. |
| Subjects: | |
| Tags: |
Add Tag
No Tags, Be the first to tag this record!
|
MARC
| LEADER | 00000cam a2200000 i 4500 | ||
|---|---|---|---|
| 001 | 1/29853 | ||
| 008 | 021206s20022007gr | ||| |||| ||gre|| | ||
| 020 | |a 9603590835 | ||
| 020 | |a 9789608249554 | ||
| 020 | |a 9789608249547 | ||
| 035 | |l 10068876 | ||
| 040 | |a GR-MyUA |b gre |e AACR2 | ||
| 041 | 0 | |a gre | |
| 082 | 0 | |a 330.015195 |2 (22) | |
| 100 | 1 | |a Αγιακλόγλου, Χρήστος Ν. | |
| 245 | 1 | 0 | |a Εισαγωγή στην οικονομετρική ανάλυση / |c Χρήστος Ν. Αγιακλόγλου, Θεοφάνης Ε. Μπένος. |
| 250 | |a 2η εκδ. | ||
| 260 | |a Αθήνα : |b Εκδόσεις Ε.Μπένου, |c 2002-2007. | ||
| 300 | |a 2 τ. : |b πίν. ; |c 24 εκ. | ||
| 500 | |a Ο τόμος Α είναι βελτιωμένη ανατύπωση 2007. | ||
| 504 | |a Περιέχει βιβλιογραφικές αναφορές και ευρετήριο. | ||
| 650 | 0 | 0 | |a Econometrics. |
| 700 | 1 | |a Μπένος, Θεοφάνης Ε. | |
| 852 | |a INST |b CHIOS |e 20200313 |h 330.015195 ΑΓΙ |p 005200040058 |q 005200040058 |t BK |v τ.2: |y 0 | ||
| 852 | |a INST |b SAMOS |e 20021206 |h 330.015195 ΑΓΙ |p 005300024313 |q 005300024313 |t BK |y 23 |z τ.2 | ||
| 852 | |a INST |b SAMOS |e 20021206 |h 330.015195 ΑΓΙ |p 005300024314 |q 005300024314 |t BK |y 0 |z τ.2 | ||
| 852 | |a INST |b SAMOS |e 20021206 |h 330.015195 ΑΓΙ |p 005300024315 |q 005300024315 |t BK |y 0 |z τ.2 | ||
| 852 | |a INST |b SAMOS |e 20021206 |h 330.015195 ΑΓΙ |p 005300024316 |q 005300024316 |t BK |y 0 |z τ.2 | ||
| 852 | |a INST |b SAMOS |e 20021206 |h 330.015195 ΑΓΙ |p 005300024317 |q 005300024317 |t BK |y 0 |z τ.2 | ||
| 852 | |a INST |b SAMOS |e 20100722 |h 330.015195 ΑΓΙ |p 005300031415 |q 005300031415 |t BK |y 0 |z τ.1 | ||
| 852 | |a INST |b SAMOS |e 20100722 |h 330.015195 ΑΓΙ |p 005300031416 |q 005300031416 |t BK |y 23 |z τ.1 | ||
| 852 | |a INST |b SAMOS |e 20111118 |h 330.015195 ΑΓΙ |p 005300032332 |q 005300032332 |t BK |y 0 |z τ.2 | ||
| 852 | |a INST |b SAMOS |e 20111118 |h 330.015195 ΑΓΙ |p 005300032333 |q 005300032333 |t BK |y 0 |z τ.2 | ||
| 852 | |a INST |b SAMOS |e 20021206 |h 330.015195 ΑΓΙ |p 005300024313 |q 005300024313 |t BK |v τ.2: |y 23 |z τ.2 | ||
| 852 | |a INST |b SAMOS |e 20021206 |h 330.015195 ΑΓΙ |p 005300024314 |q 005300024314 |t BK |v τ.2: |y 0 |z τ.2 | ||
| 852 | |a INST |b SAMOS |e 20021206 |h 330.015195 ΑΓΙ |p 005300024315 |q 005300024315 |t BK |v τ.2: |y 0 |z τ.2 | ||
| 852 | |a INST |b SAMOS |e 20021206 |h 330.015195 ΑΓΙ |p 005300024316 |q 005300024316 |t BK |v τ.2: |y 0 |z τ.2 | ||
| 852 | |a INST |b SAMOS |e 20021206 |h 330.015195 ΑΓΙ |p 005300024317 |q 005300024317 |t BK |v τ.2: |y 0 |z τ.2 | ||
| 852 | |a INST |b SAMOS |e 20100722 |h 330.015195 ΑΓΙ |p 005300031415 |q 005300031415 |t BK |v τ.1: |y 0 |z τ.1 | ||
| 852 | |a INST |b SAMOS |e 20100722 |h 330.015195 ΑΓΙ |p 005300031416 |q 005300031416 |t BK |v τ.1: |y 23 |z τ.1 | ||
| 852 | |a INST |b SAMOS |e 20111118 |h 330.015195 ΑΓΙ |p 005300032332 |q 005300032332 |t BK |v τ.2: |y 0 |z τ.2 | ||
| 852 | |a INST |b SAMOS |e 20111118 |h 330.015195 ΑΓΙ |p 005300032333 |q 005300032333 |t BK |v τ.2: |y 0 |z τ.2 | ||
| 853 | |a INST |b CHIOS |h 330.015195 ΑΓΙ | ||
| 853 | |a INST |b SAMOS |h 330.015195 ΑΓΙ | ||
| 901 | |a BIBL3-2011-3 | ||
| 901 | |a BIBL3-2010-2 | ||
| 901 | |a BIBL3-2002-3 | ||
| 909 | |a Σ |b 171840 | ||
| 909 | |a Σ |b 171841 | ||
| 909 | |a Σ |b 165934 | ||
| 909 | |a Σ |b 165935 | ||
| 909 | |a Σ |b 087738 | ||
| 909 | |a Σ |b 087736 | ||
| 909 | |a Σ |b 087737 | ||
| 909 | |a Σ |b 087739 | ||
| 909 | |a Σ |b 087740 | ||
| 970 | |a ΚΟΣΙΕΡΗΣ |b ΧΡΗΣΤΟΣ |z 2011/11/18 | ||